| 000 | 00576pam a2200217 i 4500 | ||
|---|---|---|---|
| 001 | 2298073 | ||
| 005 | 20180205074435.0 | ||
| 008 | 800207s1980 nyua b 001 0 eng | ||
| 010 | _a 80011291 | ||
| 020 | _a0877054916 | ||
| 040 |
_aDLC _cDLC _dDLC |
||
| 041 | _aeng | ||
| 080 | _a302.35 KRA | ||
| 082 | 0 | 0 | _a302.35 KRA |
| 100 | 1 | _a52 | |
| 101 | _aBNJ | ||
| 245 | 1 | 0 |
_aCollaboration in organizations : _cWilliam A. Kraus. |
| 504 | _aBibliography: p. 251-270. | ||
| 906 |
_a7 _bcbc _corignew _d1 _eocip _f19 _gy-gencatlg |
||
| 942 |
_2ddc _cBK |
||
| 999 |
_c41782 _d41782 |
||